Математические модели химических реакций: учебник

Bibliographic Details
Main Author: Марков Ю. Г. Юрий Георгиевич
Other Authors: Маркова И. В. Ирина Валентиновна
Summary:В учебнике рассматриваются общие методы и конкретные методики моделирования и математического исследования физико-химических и биохимических реакций. В основе методов лежит использование опыта применения синергетики, теории самоорганизации и современной теории сложных систем в задачах биологии, математики и химии. Предлагаемая система методов моделирования соответствует современным технологиям высокопроизводительных вычислений, относящимся к так называемым облачным вычислениям (cloud-computing). По нашему мнению эту систему знаний логично назвать облачное моделирование (cloud-modelling). Учебник содержит полезные рекомендации по продуктивному применению математических методов в химии и биохимии, в ходе совместной работы математиков, химиков и биологов. Особенностью такой работы является сочетание вероятностных и детерминированных методов. В силу этого биологам, математикам и химикам придется расширять свой научный потенциал. Один из путей такого расширения показан в настоящей книге.
Language:Russian
Published: Санкт-Петербург, Лань, 2013
Series:Учебники для вузов. Специальная литература
Subjects:
Format: Book
KOHA link:https://koha.lib.tpu.ru/cgi-bin/koha/opac-detail.pl?biblionumber=244072

MARC

LEADER 00000nam0a2200000 4500
001 244072
005 20231101232024.0
010 |a 9785811414833 
035 |a (RuTPU)RU\TPU\book\265434 
090 |a 244072 
100 |a 20131015d2013 m y0rusy50 ca 
101 0 |a rus 
102 |a RU 
105 |a y j 001zy 
200 1 |a Математические модели химических реакций  |e учебник  |f Ю. Г. Марков, И. В. Маркова 
210 |a Санкт-Петербург  |c Лань  |d 2013 
215 |a 184 с.  |c ил. 
225 1 |a Учебники для вузов. Специальная литература 
320 |a Библиогр.: с. 179-181. 
330 |a В учебнике рассматриваются общие методы и конкретные методики моделирования и математического исследования физико-химических и биохимических реакций. В основе методов лежит использование опыта применения синергетики, теории самоорганизации и современной теории сложных систем в задачах биологии, математики и химии. Предлагаемая система методов моделирования соответствует современным технологиям высокопроизводительных вычислений, относящимся к так называемым облачным вычислениям (cloud-computing). По нашему мнению эту систему знаний логично назвать облачное моделирование (cloud-modelling). Учебник содержит полезные рекомендации по продуктивному применению математических методов в химии и биохимии, в ходе совместной работы математиков, химиков и биологов. Особенностью такой работы является сочетание вероятностных и детерминированных методов. В силу этого биологам, математикам и химикам придется расширять свой научный потенциал. Один из путей такого расширения показан в настоящей книге. 
606 1 |a Химическая кинетика  |x Математические методы  |2 stltpush  |3 (RuTPU)RU\TPU\subj\17188  |9 42986 
610 1 |a химические реакции 
610 1 |a математические модели 
610 1 |a моделирование 
610 1 |a биохимия 
610 1 |a теория вероятностей 
610 1 |a математическая статистика 
610 1 |a марковские процессы 
610 1 |a учебники 
675 |a 544.42:51(075.8)  |v 3 
700 1 |a Марков  |b Ю. Г.  |g Юрий Георгиевич 
701 1 |a Маркова  |b И. В.  |g Ирина Валентиновна 
801 1 |a RU  |b 63413507  |c 20131015 
801 2 |a RU  |b 63413507  |c 20171012  |g RCR 
942 |c BK 
959 |a 133/20131015  |d 5  |e 500,06  |f ЧЗТЛ:1  |f АНЛ:1  |f УФ:3